000 00281nam a2200133Ia 4500
100 _aLuger/George F
942 _cRB
654 _aartificial
245 _aArtificial intelligence
260 _bJaico
_aNew Delhi
_c2004
082 _a6.3
_bLUG
300 _a856
546 _aENGLISH
999 _c27635
_d27635